• 首页
  • 本馆介绍
  • 公告通知
  • 最新文献
  • 馆藏检索
  • 电子资源
  • 读者导购
  • 参考咨询
  • 我的图书馆
  • 登录
  • 详细信息显示
  • 放入我的书架
  • 预约/预借图书
  • 作者相关作品
  • 分类相关作品
  • 丛书相关作品
  • 出版社相关作品

书目信息

  • 表格格式
  • 工作单格式
  • 卡片格式
题名:
城镇化、产业集群与区域技术创新
    
 
作者: 陈斌 著
分册:  
出版信息: 北京   经济管理出版社  2019.09
页数: 183页
开本: 24cm
丛书名: 经济管理学术文库
单 册:
中图分类: F299.21 , F269.23
科图分类:
主题词: 城市化--cheng shi hua--研究--中国 , 产业集群--chan ye ji qun--研究--中国 , 区域经济--qu yu jing ji--技术革新--研究--中国
电子资源:
ISBN: 978-7-5096-6675-3
000 02276nam 2200337 450
001 2338915999
005 20231211104855.47
010    @a978-7-5096-6675-3@d68.00CNY
100    @a20191005d2019 em y0chiy50 ea
101 0  @achi
102    @aCN@b110000
105    @aak a 000yy
200 1  @a城镇化、产业集群与区域技术创新@Acheng zhen hua 、chan ye ji qun yu qu yu ji shu chuang xin@e系统耦合机制下的现实考察与实证检验@d= Urbanization, industrial cluster and regional technological innovation@erealistic investigation and empirical test under system coupling mechanism@f陈斌著@zeng
210    @a北京@c经济管理出版社@d2019.09
215    @a183页@c图@d24cm
225 2  @a经济管理学术文库@Ajing ji guan li xue shu wen ku@i经济类
306    @a本书在南通市第五期“226高层次人才培养工程”科研资助就南通市社科基金项目 (2018CNT005) 资助下完成并出版
314    @a陈斌, 管理学博土, 南通大学经济与管理学院副教受研究方向为区域经济与技术创新。
320    @a有书目 (第143-161页)
330    @a本书从“产业--空间” 层面, 剖析城镇化与产业集群对区域技术创新的影响效应。利用近年来国内省域发明专利授权数据, 结合产业集聚测度测算, 揭示了我国城镇化与产业集群不同发展状态的空间交叠特征及区域技术创新活跃程度的显著差异;通过构建城镇化--产业集群耦合模型, 对城镇化与产业集群相互作用的性质和程度进行评判; 运用GMM计量方法检验城镇化--产业集群耦合度对区域技术创新效率的影响效应。研究认为, 城镇化与产业集群对技术创新影响具有二重性, 技术创新在二者的作用下呈“非线性”发展。城镇化与产业集群良性耦合有利于区域创新承载力的提升, 对区域技术创新效率产生正面影响; 一旦城镇化与产业集群二者耦合呈负反馈状态, 则可能导致区域创新环境恶化, 不利于区域技术创新发展。
410  0 @12001 @a经济管理学术文库@i经济类
510 1  @aUrbanization, industrial cluster and regional technological innovation : realistic investigation and empirical test under system coupling mechanism@zeng
517 1  @a系统耦合机制下的现实考察与实证检验@Axi tong ou he ji zhi xia de xian shi kao cha yu shi zheng jian yan
606 0  @a城市化@Acheng shi hua@x研究@y中国
606 0  @a产业集群@Achan ye ji qun@x研究@y中国
606 0  @a区域经济@Aqu yu jing ji@x技术革新@x研究@y中国
690    @aF299.21@v5
690    @aF269.23@v5
701  0 @a陈斌@Achen bin@4著
801  0 @aCN@b湖北三新@c20191005
905    @aBZT@dF299.21@e50
    
    城镇化、产业集群与区域技术创新:系统耦合机制下的现实考察与实证检验= Urbanization, industrial cluster and regional technological innovation:realistic investigation and empirical test under system coupling mechanism/陈斌著.-北京:经济管理出版社,2019.09
    183页:图;24cm.-(经济管理学术文库.经济类)
    
    
    ISBN 978-7-5096-6675-3:68.00CNY
    本书从“产业--空间” 层面, 剖析城镇化与产业集群对区域技术创新的影响效应。利用近年来国内省域发明专利授权数据, 结合产业集聚测度测算, 揭示了我国城镇化与产业集群不同发展状态的空间交叠特征及区域技术创新活跃程度的显著差异;通过构建城镇化--产业集群耦合模型, 对城镇化与产业集群相互作用的性质和程度进行评判; 运用GMM计量方法检验城镇化--产业集群耦合度对区域技术创新效率的影响效应。研究认为, 城镇化与产业集群对技术创新影响具有二重性, 技术创新在二者的作用下呈“非线性”发展。城镇化与产业集群良性耦合有利于区域创新承载力的提升, 对区域技术创新效率产生正面影响; 一旦城镇化与产业集群二者耦合呈负反馈状态, 则可能导致区域创新环境恶化, 不利于区域技术创新发展。
●
相关链接 在五车中查询图书 在当当中查询图书 在豆瓣中查询图书


正题名:城镇化、产业集群与区域技术创新     索取号:F299.21/50         预约/预借

序号 登录号 条形码 馆藏地/架位号 状态 备注
1 2001588504   2001588504   辽三/辽宁北配(第三批)/1950/ [索取号:F299.21/50] 在馆    
2 2001588505   2001588505   辽三/辽宁北配(第三批)/1950/ [索取号:F299.21/50] 在馆    
3 2001588506   2001588506   辽三/辽宁北配(第三批)/1950/ [索取号:F299.21/50] 在馆    
4 2001588507   2001588507   辽三/辽宁北配(第三批)/1950/ [索取号:F299.21/50] 在馆    
5 2001588508   2001588508   辽三/辽宁北配(第三批)/1950/ [索取号:F299.21/50] 在馆    
6 2001588509   2001588509   辽三/辽宁北配(第三批)/1950/ [索取号:F299.21/50] 在馆    
7 2001588510   2001588510   辽三/辽宁北配(第三批)/1950/ [索取号:F299.21/50] 在馆    
8 2001588511   2001588511   辽三/辽宁北配(第三批)/1950/ [索取号:F299.21/50] 在馆    
9 2001588512   2001588512   辽三/辽宁北配(第三批)/1950/ [索取号:F299.21/50] 在馆    
10 2001588513   2001588513   辽三/辽宁北配(第三批)/1950/ [索取号:F299.21/50] 在馆    
11 2001588514   2001588514   辽三/辽宁北配(第三批)/1950/ [索取号:F299.21/50] 在馆    
12 2001588515   2001588515   辽三/辽宁北配(第三批)/1950/ [索取号:F299.21/50] 在馆    
13 2001588516   2001588516   辽三/辽宁北配(第三批)/1950/ [索取号:F299.21/50] 在馆    
14 2001588517   2001588517   辽三/辽宁北配(第三批)/1950/ [索取号:F299.21/50] 在馆    
15 2001588518   2001588518   辽三/辽宁北配(第三批)/1950/ [索取号:F299.21/50] 在馆    
16 2001588519   2001588519   辽三/辽宁北配(第三批)/1950/ [索取号:F299.21/50] 在馆    
17 2001588520   2001588520   辽三/辽宁北配(第三批)/1950/ [索取号:F299.21/50] 在馆    
18 2001588521   2001588521   辽三/辽宁北配(第三批)/1950/ [索取号:F299.21/50] 在馆    
19 2001588522   2001588522   辽三/辽宁北配(第三批)/1950/ [索取号:F299.21/50] 在馆    
20 2001588523   2001588523   辽三/辽宁北配(第三批)/1950/ [索取号:F299.21/50] 在馆    
山东省滨州职业学院图书馆 欢迎您!
大连网信软件有限公司© 版权所有